Geographic Informatiion Systems | Fundamentals , Applications and Implementations (Record no. 17429)
[ view plain ]
| 000 -LEADER | |
|---|---|
| fixed length control field | 00450nam a22001577a 4500 |
| 003 - CONTROL NUMBER IDENTIFIER | |
| control field | OSt |
| 008 - FIXED-LENGTH DATA ELEMENTS--GENERAL INFORMATION | |
| fixed length control field | 210915b ||||| |||| 00| 0 eng d |
| 020 ## - INTERNATIONAL STANDARD BOOK NUMBER | |
| ISBN | 9789390175420 |
| 020 ## - INTERNATIONAL STANDARD BOOK NUMBER | |
| ISBN | 9390175429 |
| 082 ## - DEWEY DECIMAL CLASSIFICATION NUMBER | |
| Classification number | 550.066 |
| Item number | ELA/GI |
| 100 ## - MAIN ENTRY--AUTHOR NAME | |
| Personal name | Elangovan,K |
| 245 ## - TITLE STATEMENT | |
| Title | Geographic Informatiion Systems |
| Remainder of title | Fundamentals , Applications and Implementations |
| 260 ## - PUBLICATION, DISTRIBUTION, ETC. (IMPRINT) | |
| Place of publication | New India |
| Name of publisher | New India Publishing Agency |
| Year of publication | 2021 |
| 300 ## - PHYSICAL DESCRIPTION | |
| Number of Pages | 208 pages |
| 942 ## - ADDED ENTRY ELEMENTS (KOHA) | |
| Koha item type | Books |
| Withdrawn status | Lost status | Damaged status | Home library | Current library | Shelving location | Date acquired | Cost, normal purchase price | Full call number | Accession Number | Koha item type |
|---|---|---|---|---|---|---|---|---|---|---|
| KAUAET | KAUAET | NAHEP-CAAST Project | 07/09/2021 | 360.00 | 550.066 ELA/GI | 26030 | Books |
